Business and Financial Model : Strategic Success Series (Record no. 1883)

MARC details
005 - DATE AND TIME OF LATEST TRANSACTION
control field 20250501095726.0
020 ## - INTERNATIONAL STANDARD BOOK NUMBER
International Standard Book Number 978 0 7494 6810 1
082 ## - DEWEY DECIMAL CLASSIFICATION NUMBER
Classification number 658.15 MAR
100 ## - MAIN ENTRY--PERSONAL NAME
Author name MARSH, C.
245 ## - TITLE STATEMENT
Title Business and Financial Model : Strategic Success Series
260 ## - PUBLICATION, DISTRIBUTION, ETC.
Place of publication, distribution, etc. London,
Name of publisher, distributor, etc. Koganpage,
Date of publication, distribution, etc. 2013.
300 ## - PHYSICAL DESCRIPTION
Extent X, 281p.: ill.; figure, table
Other physical details Index
Dimensions 21cm.
856 ## - ELECTRONIC LOCATION AND ACCESS
Link text Access Online Book
Electronic name Financial
Path www.koganpage.com
942 ## - ADDED ENTRY ELEMENTS (KOHA)
Source of classification or shelving scheme Dewey Decimal Classification
Koha item type Books
Holdings
Date last seen Total checkouts Full call number Barcode Cost, replacement price Price effective from Koha item type Lost status Source of classification or shelving scheme Damaged status Not for loan Withdrawn status Home library Current library Shelving location Date acquired Cost, normal purchase price
05/05/2025   658.15 MAR 0000007348 231000.00 05/05/2025 Books   Dewey Decimal Classification       College of Business Education Main Library College of Business Education Main Library General Collection 07/08/2016 77000.00
05/05/2025   658.15 MAR 0000007349 231000.00 05/05/2025 Books   Dewey Decimal Classification       College of Business Education Main Library College of Business Education Main Library General Collection 07/08/2016 77000.00
05/05/2025   658.15 MAR 0000007350 231000.00 05/05/2025 Books   Dewey Decimal Classification       College of Business Education Main Library College of Business Education Main Library General Collection 07/08/2016 77000.00